000 00371nam a2200145Ia 4500
005 20250404052643.0
008 240331s9999 xx 000 0 und d
082 _bSIV
_a894
100 _aSivasankaran, T.K
245 0 _aVimarsana thamil
260 _aShivagangai
_bAnam Pvt Ltd
_c1993
300 _a253 p .,
500 _aIllakiyya Thamil patriya Kadooraikal
942 _cL
999 _c4196
_d4196